| 000 | 00425nam a22001697a 4500 | ||
|---|---|---|---|
| 003 | OSt | ||
| 005 | 20211126110051.0 | ||
| 008 | 211126b |||||||| |||| 00| 0 eng d | ||
| 020 | _a0 289 70854 0 | ||
| 040 | _cHawassa University | ||
| 050 |
_a646.2/BAR _b3 |
||
| 082 |
_a646.2/BAR _b3 |
||
| 100 |
_aBarber Janet _920778 |
||
| 245 | _aBasic machine sewing | ||
| 260 |
_aU.K _bSinger Company _c1980 |
||
| 942 |
_2ddc _cBOOKS _n0 |
||
| 999 |
_c20370 _d20370 |
||